| 000 | 00579nam a2200193Ia 4500 | ||
|---|---|---|---|
| 001 | 14815 | ||
| 003 | GE_BSU | ||
| 008 | 181216s||||||||xx |||||||||||||| ||und|| | ||
| 040 | _cGE_BSU | ||
| 080 | _a517(075.32) | ||
| 100 | _aАгачев,П.Е. | ||
| 245 | _aКурс высшей математики для заочных техникумов | ||
| 260 | _aМосква | ||
| 260 | _bВысшая школа | ||
| 260 | _c1970 | ||
| 300 | _a539стр.22см. | ||
| 653 | _aКурс высшей математики для заочных техникумов | ||
| 942 | _cBK | ||
| 999 |
_c47938 _d47938 |
||